[Event "Swiss Queens Wed #13"]
[Site "FIDE Online Arena INT"]
[Date "2024.04.24"]
[Round "11"]
[White "Gomez Barrera, Javiera Belen"]
[Black "Padmini, Rout"]
[Result "1-0"]
[WhiteElo "2209"]
[BlackElo "2353"]
[PlyCount "57"]
[EventDate "2024.04.24"]
[EventType "swiss (blitz)"]
[EventRounds "11"]
[EventCountry "NET"]
[SourceTitle "CB18_2024"]
[SourceDate "2024.05.01"]
[SourceVersion "1"]
[SourceVersionDate "2024.05.01"]
[SourceQuality "2"]

1. e4 c5 2. Nf3 e6 3. d4 cxd4 4. Nxd4 Nc6 5. Nc3 Qc7 6. Be3 a6 7. Qf3 Nf6 8. 0-0-0 Bb4 9. Nxc6 bxc6 10. Bd4 e5 11. Qg3 d6 12. Qxg7 Ke7 13. Qxh8 exd4 14. Ne2 Qa5 15. Nxd4 Qg5+ 16. Kb1 Bb7 17. Nf5+ Kd7 18. Qg7 Qxg7 19. Nxg7 Nxe4 20. Rg1 Nxf2 21. Rd4 Bc5 22. Rf4 Rf8 23. Be2 Nh3 24. Bg4+ Ke7 25. Re1+ Kd8 26. gxh3 d5 27. Ref1 Bd6 28. Rxf7 Rxf7 29. Rxf7 1-0

[Event "Swiss Queens Wed #13"]
[Site "FIDE Online Arena INT"]
[Date "2024.04.24"]
[Round "2"]
[White "Padmini, Rout"]
[Black "Pinto, Niyola"]
[Result "1-0"]
[WhiteElo "2353"]
[BlackElo "1404"]
[PlyCount "65"]
[EventDate "2024.04.24"]
[EventType "swiss (blitz)"]
[EventRounds "11"]
[EventCountry "NET"]
[SourceTitle "CB18_2024"]
[SourceDate "2024.05.01"]
[SourceVersion "1"]
[SourceVersionDate "2024.05.01"]
[SourceQuality "2"]

1. c4 e6 2. Nf3 d5 3. g3 Bd6 4. Bg2 c6 5. 0-0 f5 6. d3 Nf6 7. Nc3 0-0 8. e4 fxe4 9. dxe4 dxe4 10. Ng5 Qe7 11. Ncxe4 Nxe4 12. Bxe4 Nd7 13. Bxh7+ Kh8 14. Bg6 Nf6 15. Nf7+ Kg8 16. Nxd6 e5 17. c5 Bg4 18. Qb3+ Be6 19. Qxb7 Qxb7 20. Nxb7 Rab8 21. Nd6 Nd5 22. a3 Bh3 23. Re1 Rf6 24. Bc2 Rbf8 25. Ne4 Rf5 26. Be3 Nxe3 27. Rxe3 Rf3 28. Rxf3 Rxf3 29. Ng5 Rf6 30. Nxh3 Rh6 31. Ng5 Rf6 32. Rd1 e4 33. Rd8+ 1-0

[Event "Swiss Queens Wed #13"]
[Site "FIDE Online Arena INT"]
[Date "2024.04.24"]
[Round "8"]
[White "Shubenkova, Veronika"]
[Black "Padmini, Rout"]
[Result "0-1"]
[WhiteElo "2113"]
[BlackElo "2353"]
[PlyCount "74"]
[EventDate "2024.04.24"]
[EventType "swiss (blitz)"]
[EventRounds "11"]
[EventCountry "NET"]
[SourceTitle "CB18_2024"]
[SourceDate "2024.05.01"]
[SourceVersion "1"]
[SourceVersionDate "2024.05.01"]
[SourceQuality "2"]

1. d4 Nf6 2. e3 g6 3. f4 Bg7 4. Nf3 0-0 5. Be2 d6 6. 0-0 Nc6 7. c4 e5 8. d5 Ne7 9. fxe5 dxe5 10. Nc3 e4 11. Nd2 c6 12. dxc6 Nxc6 13. Ndxe4 Nxe4 14. Nxe4 Qe7 15. Bf3 Be5 16. Qe1 Bf5 17. Nf2 h5 18. e4 Be6 19. Bh6 Rfd8 20. Qe2 Nd4 21. Qe3 Nc2 22. Qg5 Bf6 23. Qg3 h4 24. Qf4 g5 25. Qc1 Nxa1 26. e5 Bxe5 27. Bxg5 Bf6 28. Bxf6 Qxf6 29. Qxa1 Bxc4 30. Rc1 Rac8 31. Qb1 Be6 32. Rf1 Bf5 33. Qe1 Rc2 34. Qa5 Rdd2 35. Ne4 Bxe4 36. Bxe4 Qxf1+ 37. Kxf1 Rc1# 0-1

[Event "Titled Tuesday intern op 02nd Apr Early"]
[Site "Chess.com INT"]
[Date "2024.04.02"]
[Round "6"]
[White "Padmini, Rout"]
[Black "Banerjee, Supratit"]
[Result "0-1"]
[WhiteElo "2353"]
[BlackElo "2060"]
[PlyCount "60"]
[EventDate "2024.04.02"]
[EventType "swiss (blitz)"]
[EventRounds "11"]
[EventCountry "USA"]
[SourceTitle "CB15_2024"]
[SourceDate "2024.04.10"]
[SourceVersion "1"]
[SourceVersionDate "2024.04.10"]
[SourceQuality "1"]

1. e4 e6 2. d4 d5 3. Nc3 dxe4 4. Nxe4 Nd7 5. Nf3 Ngf6 6. Bd3 Nxe4 7. Bxe4 Nf6 8. Bd3 c5 9. 0-0 cxd4 10. Nxd4 Bc5 11. Nb3 Bd6 12. Qf3 Qc7 13. h3 Bd7 14. Bd2 Bc6 15. Qe2 0-0-0 16. Na5 Bd7 17. c4 Rhe8 18. b4 e5 19. c5 Bf8 20. Rfc1 e4 21. c6 Bxc6 22. Bb5 Re6 23. Bxc6 bxc6 24. Qa6+ Kb8 25. Rxc6 Rxd2 26. Rxc7 Rxa6 27. Rxf7 Bxb4 28. Rb1 Rxa5 29. Rxb4+ Kc8 30. Rbb7 Rd7 0-1

[Event "Titled Tuesday intern op 02nd Apr Early"]
[Site "Chess.com INT"]
[Date "2024.04.02"]
[Round "5"]
[White "Padmini, Rout"]
[Black "Mende, Andreas"]
[Result "1-0"]
[WhiteElo "2353"]
[BlackElo "2101"]
[PlyCount "85"]
[EventDate "2024.04.02"]
[EventType "swiss (blitz)"]
[EventRounds "11"]
[EventCountry "USA"]
[SourceTitle "CB15_2024"]
[SourceDate "2024.04.10"]
[SourceVersion "1"]
[SourceVersionDate "2024.04.10"]
[SourceQuality "1"]

1. e4 c5 2. Nf3 Nc6 3. d4 cxd4 4. Nxd4 Nf6 5. Nc3 e5 6. Ndb5 d6 7. Nd5 Nxd5 8. exd5 Nb8 9. c4 a6 10. Qa4 Nd7 11. Qa3 Nb6 12. Nc3 Be7 13. Be3 0-0 14. Be2 f5 15. c5 dxc5 16. Bxc5 Bxc5 17. Qxc5 Nd7 18. Qb4 a5 19. Qa3 b6 20. 0-0 Nc5 21. b4 Na6 22. bxa5 bxa5 23. d6 Nb4 24. Bc4+ Kh8 25. Rad1 Ba6 26. Qb3 Bxc4 27. Qxc4 Rc8 28. Qb3 e4 29. Nb5 Nd3 30. a4 Qd7 31. Qd5 Rc5 32. Qd4 Rfc8 33. f3 Rc4 34. Qb6 Rxa4 35. fxe4 fxe4 36. Nc3 Rb4 37. Qxa5 Qxd6 38. Nxe4 Qd4+ 39. Nf2 Rb2 40. Rxd3 Qxf2+ 41. Rxf2 Rc1+ 42. Rf1 Rxf1+ 43. Kxf1 1-0

[Event "Swiss Queens Wed #9"]
[Site "FIDE Online Arena INT"]
[Date "2024.03.27"]
[Round "9"]
[White "Padmini, Rout"]
[Black "Bashirli, Saadat"]
[Result "1-0"]
[WhiteElo "2353"]
[BlackElo "1803"]
[PlyCount "121"]
[EventDate "2024.03.27"]
[EventType "swiss (blitz)"]
[EventRounds "11"]
[EventCountry "NET"]
[SourceTitle "CB14_2024"]
[SourceDate "2024.04.01"]
[SourceVersion "1"]
[SourceVersionDate "2024.04.01"]
[SourceQuality "1"]

1. e4 c5 2. Nf3 Nc6 3. d4 cxd4 4. Nxd4 g6 5. c4 Nf6 6. Nc3 Nxd4 7. Qxd4 d6 8. Bg5 Bg7 9. Qd2 0-0 10. Bh6 Be6 11. Bxg7 Kxg7 12. h4 h5 13. f3 Rc8 14. Nd5 Bxd5 15. exd5 Nd7 16. Be2 Ne5 17. f4 Nd7 18. Qd4+ Nf6 19. Qxa7 Qd7 20. Qd4 Qf5 21. 0-0 Kg8 22. Rae1 Rc7 23. b3 Ra8 24. a4 Qc2 25. Bd1 Qf5 26. Rf2 Kf8 27. Bf3 Kg8 28. Rfe2 Kf8 29. g3 Qh3 30. Qf2 Qf5 31. Kg2 Qd3 32. Re3 Qf5 33. Qd2 Rac8 34. R3e2 Ra8 35. Qd4 Rac8 36. Qb6 Nd7 37. Qb4 Nc5 38. Qc3 f6 39. a5 Ra8 40. Re3 Ra6 41. b4 Na4 42. Qb3 Qd7 43. Rxe7 Qxe7 44. Rxe7 Rxe7 45. Qxa4 Ra8 46. Qb5 Rae8 47. Qb6 Rd7 48. a6 bxa6 49. Qxa6 Rb8 50. b5 Re8 51. Qc6 Ree7 52. c5 dxc5 53. Qxf6+ Ke8 54. Qxg6+ Kd8 55. Qb6+ Ke8 56. Qxc5 Re1 57. Qc6 Kd8 58. Qb6+ Ke7 59. Qc5+ Kf7 60. d6 Rb1 61. Qf5+ 1-0

[Event "Swiss Queens Wed #9"]
[Site "FIDE Online Arena INT"]
[Date "2024.03.27"]
[Round "1"]
[White "Padmini, Rout"]
[Black "Narahari, Akshaya"]
[Result "1-0"]
[WhiteElo "2353"]
[BlackElo "1466"]
[PlyCount "41"]
[EventDate "2024.03.27"]
[EventType "swiss (blitz)"]
[EventRounds "11"]
[EventCountry "NET"]
[SourceTitle "CB14_2024"]
[SourceDate "2024.04.01"]
[SourceVersion "1"]
[SourceVersionDate "2024.04.01"]
[SourceQuality "1"]

1. e4 c5 2. Nf3 e6 3. c3 d5 4. e5 Nc6 5. d4 cxd4 6. cxd4 Bb4+ 7. Nc3 Nge7 8. Bd3 0-0 9. 0-0 b6 10. a3 Bxc3 11. bxc3 Bb7 12. Bxh7+ Kh8 13. Ng5 Nf5 14. Bxf5 g6 15. Bd3 Kg7 16. Qf3 Na5 17. h4 Rc8 18. h5 Qe7 19. h6+ Kxh6 20. Qh3+ Kg7 21. Qh7# 1-0

[Event "Swiss Queens Wed #9"]
[Site "FIDE Online Arena INT"]
[Date "2024.03.27"]
[Round "4"]
[White "Shubenkova, Veronika"]
[Black "Padmini, Rout"]
[Result "1-0"]
[WhiteElo "2007"]
[BlackElo "2353"]
[PlyCount "51"]
[EventDate "2024.03.27"]
[EventType "swiss (blitz)"]
[EventRounds "11"]
[EventCountry "NET"]
[SourceTitle "CB14_2024"]
[SourceDate "2024.04.01"]
[SourceVersion "1"]
[SourceVersionDate "2024.04.01"]
[SourceQuality "1"]

1. d4 Nf6 2. e3 d5 3. f4 c5 4. Nf3 Nc6 5. c3 cxd4 6. exd4 Bg4 7. Be2 e6 8. Ne5 Nxe5 9. fxe5 Bxe2 10. Qxe2 Ne4 11. 0-0 Be7 12. Qb5+ Qd7 13. Qxd7+ Kxd7 14. Rxf7 Rhf8 15. Rxg7 Rf2 16. Nd2 Raf8 17. Nf3 Rc2 18. Bg5 Nxg5 19. Nxg5 Rff2 20. Nxh7 Rxb2 21. h4 Rxa2 22. Rxa2 Rxa2 23. h5 a5 24. h6 a4 25. Nf6+ Kd8 26. h7 1-0

[Event "Swiss Queens Wed #8"]
[Site "FIDE Online Arena INT"]
[Date "2024.03.20"]
[Round "2"]
[White "Padmini, Rout"]
[Black "Bulatova, Kamaliya"]
[Result "1-0"]
[WhiteElo "2353"]
[BlackElo "2091"]
[PlyCount "63"]
[EventDate "2024.03.20"]
[EventType "swiss (blitz)"]
[EventRounds "11"]
[EventCountry "NET"]
[SourceTitle "CB13_2024"]
[SourceDate "2024.03.27"]
[SourceVersion "1"]
[SourceVersionDate "2024.03.27"]
[SourceQuality "1"]

1. e4 e6 2. Nc3 d5 3. Nf3 dxe4 4. Nxe4 Nf6 5. Ng3 h5 6. h4 Bd6 7. d4 Bxg3 8. fxg3 b6 9. Bg5 Bb7 10. Bb5+ c6 11. Bd3 Qe7 12. Qd2 Nbd7 13. 0-0-0 0-0-0 14. Ne5 Kb8 15. Rhf1 Ka8 16. Qe2 c5 17. Ba6 cxd4 18. Bxb7+ Kxb7 19. Qf3+ Ka6 20. Nc6 Qc5 21. Rxd4 Ne5 22. Qe2+ b5 23. Rxd8 Rxd8 24. Nxd8 Nfg4 25. Nxf7 Nxf7 26. Rxf7 Qg1+ 27. Rf1 Qb6 28. Re1 e5 29. Qf3 Qc5 30. Be3 Qc4 31. b3 Qc7 32. Bd2 1-0

[Event "Swiss Queens Wed #7"]
[Site "FIDE Online Arena INT"]
[Date "2024.03.13"]
[Round "8"]
[White "Padmini, Rout"]
[Black "Kanyamarala, Trisha"]
[Result "0-1"]
[WhiteElo "2353"]
[BlackElo "2294"]
[PlyCount "68"]
[EventDate "2024.03.13"]
[EventType "swiss (blitz)"]
[EventRounds "11"]
[EventCountry "NET"]
[SourceTitle "CB12_2024"]
[SourceDate "2023.10.01"]
[SourceVersion "1"]
[SourceVersionDate "2023.10.01"]
[SourceQuality "1"]

1. e4 c5 2. Nf3 d6 3. d4 cxd4 4. Nxd4 Nf6 5. Nc3 Nc6 6. Bg5 e6 7. Qd2 a6 8. 0-0-0 Bd7 9. f4 b5 10. Bxf6 gxf6 11. Nxc6 Bxc6 12. Bd3 Qb6 13. Kb1 h5 14. f5 b4 15. Ne2 e5 16. Bc4 Bxe4 17. Ng3 Bb7 18. Bd5 Be7 19. Ne4 Rd8 20. c4 Bc8 21. Rhf1 a5 22. Qe2 a4 23. b3 a3 24. Rd3 h4 25. Rh3 Qd4 26. Rd1 Qb6 27. g4 Bd7 28. Qe1 Rb8 29. Rxh4 Rxh4 30. Qxh4 Kd8 31. c5 Qb5 32. cxd6 Qe2 33. dxe7+ Kc7 34. Qf2 Qxd1# 0-1

[Event "Swiss Queens Wed #7"]
[Site "FIDE Online Arena INT"]
[Date "2024.03.13"]
[Round "2"]
[White "Padmini, Rout"]
[Black "Preobrazhenskaya, Diana"]
[Result "1-0"]
[WhiteElo "2353"]
[BlackElo "1992"]
[PlyCount "63"]
[EventDate "2024.03.13"]
[EventType "swiss (blitz)"]
[EventRounds "11"]
[EventCountry "NET"]
[SourceTitle "CB12_2024"]
[SourceDate "2023.10.01"]
[SourceVersion "1"]
[SourceVersionDate "2023.10.01"]
[SourceQuality "1"]

1. e4 c5 2. Nf3 d6 3. d4 cxd4 4. Nxd4 Nf6 5. Nc3 a6 6. Be2 e5 7. Nb3 Be7 8. Qd3 Be6 9. Nd5 Bxd5 10. exd5 Nbd7 11. c4 0-0 12. Bd2 a5 13. a4 Qc7 14. Bc3 Rfe8 15. g4 Nc5 16. Nxc5 Qxc5 17. g5 Nd7 18. h4 Qb6 19. Qf5 Qd8 20. Bd3 g6 21. Qh3 Nc5 22. Bc2 Qd7 23. Qg2 e4 24. h5 Qf5 25. hxg6 fxg6 26. Rxh7 Bxg5 27. Rg7+ Kf8 28. Qh1 Nd3+ 29. Bxd3 exd3+ 30. Kf1 Bh4 31. Qxh4 Qh5 32. Qf6# 1-0

[Event "Swiss Queens Wed #7"]
[Site "FIDE Online Arena INT"]
[Date "2024.03.13"]
[Round "11"]
[White "Padmini, Rout"]
[Black "Vidruska, Renate"]
[Result "1-0"]
[WhiteElo "2353"]
[BlackElo "1978"]
[PlyCount "59"]
[EventDate "2024.03.13"]
[EventType "swiss (blitz)"]
[EventRounds "11"]
[EventCountry "NET"]
[SourceTitle "CB12_2024"]
[SourceDate "2023.10.01"]
[SourceVersion "1"]
[SourceVersionDate "2023.10.01"]
[SourceQuality "1"]

1. e4 c6 2. Nc3 d5 3. Nf3 dxe4 4. Nxe4 Nf6 5. Qe2 Nxe4 6. Qxe4 e6 7. d4 Be7 8. Bd3 Bf6 9. 0-0 Qd5 10. Qe2 b6 11. Be4 Qd6 12. Rd1 Bb7 13. c4 Nd7 14. Be3 h6 15. Rac1 Qc7 16. d5 0-0 17. d6 Qc8 18. c5 bxc5 19. Bxc5 Nxc5 20. Rxc5 Qd7 21. h4 Rab8 22. b4 Rfd8 23. a3 e5 24. Nxe5 Qe6 25. Nxc6 Bxc6 26. Rxc6 Bxh4 27. d7 Qb3 28. g3 Bg5 29. Rd3 Qe6 30. Rxe6 1-0

[Event "Titled Tuesday intern op 12th Mar Early"]
[Site "Chess.com INT"]
[Date "2024.03.12"]
[Round "3"]
[White "Chandra, Vania Vindy"]
[Black "Padmini, Rout"]
[Result "0-1"]
[WhiteElo "1876"]
[BlackElo "2353"]
[PlyCount "82"]
[EventDate "2024.03.12"]
[EventType "swiss (blitz)"]
[EventRounds "11"]
[EventCountry "USA"]
[SourceTitle "CB12_2024"]
[SourceDate "2023.10.01"]
[SourceVersion "1"]
[SourceVersionDate "2023.10.01"]
[SourceQuality "1"]

1. d4 Nf6 2. c4 g6 3. Nc3 d5 4. cxd5 Nxd5 5. e4 Nxc3 6. bxc3 Bg7 7. Be3 0-0 8. Qd2 c5 9. Rd1 cxd4 10. cxd4 e6 11. Bc4 b6 12. Ne2 Ba6 13. Bxa6 Nxa6 14. 0-0 Rc8 15. Nc3 Qd7 16. a4 Rc4 17. e5 Nc7 18. Ne4 Nd5 19. Bh6 Rxa4 20. Nf6+ Nxf6 21. exf6 Bxf6 22. Bxf8 Kxf8 23. Qf4 Bxd4 24. Qb8+ Kg7 25. h3 Qb5 26. Qc7 Qf5 27. Qd7 Qf4 28. Kh1 Bc5 29. Rd2 a5 30. Rd3 Ra3 31. Rxa3 Bxa3 32. Qb5 Bc5 33. Qe2 a4 34. Qb2+ Qf6 35. Qb5 a3 36. Qb3 Qd4 37. f4 h5 38. f5 exf5 39. Rd1 Qb4 40. Qd5 Qb2 41. Qc4 a2 0-1

[Event "Titled Tuesday intern op 12th Mar Late"]
[Site "Chess.com INT"]
[Date "2024.03.12"]
[Round "11"]
[White "Fishbein, Alexander"]
[Black "Padmini, Rout"]
[Result "1-0"]
[WhiteElo "2387"]
[BlackElo "2353"]
[PlyCount "89"]
[EventDate "2024.03.12"]
[EventType "swiss (blitz)"]
[EventRounds "11"]
[EventCountry "USA"]
[SourceTitle "CB12_2024"]
[SourceDate "2023.10.01"]
[SourceVersion "1"]
[SourceVersionDate "2023.10.01"]
[SourceQuality "1"]

1. e4 c5 2. Nf3 Nc6 3. d4 cxd4 4. Nxd4 Nf6 5. Nc3 e5 6. Ndb5 d6 7. Bg5 a6 8. Na3 b5 9. Nd5 Be7 10. Nxe7 Nxe7 11. Qf3 Nd7 12. b4 Nb6 13. c4 0-0 14. cxb5 f6 15. Bd2 d5 16. exd5 Nexd5 17. Be2 e4 18. Qg3 f5 19. 0-0 f4 20. Qb3 Kh8 21. f3 e3 22. Bc3 Nxc3 23. Qxc3 Nd5 24. Qd4 Nb6 25. Rfd1 Qxd4 26. Rxd4 axb5 27. Nxb5 Be6 28. a3 Rac8 29. Rd6 Bc4 30. Rxb6 Bxe2 31. Nd4 Bd3 32. Re1 h6 33. g3 Rc3 34. gxf4 e2 35. Kf2 Rxa3 36. Ne6 Rf6 37. Rb8+ Kh7 38. Nf8+ Kg8 39. Nd7+ Kf7 40. Nxf6 Kxf6 41. Rd8 Rb3 42. Rd4 Bb5 43. Re4 Kf5 44. Re5+ Kf6 45. Rxb5 1-0

[Event "Titled Tuesday intern op 12th Mar Late"]
[Site "Chess.com INT"]
[Date "2024.03.12"]
[Round "4"]
[White "Kashefi, Amir Hossein"]
[Black "Padmini, Rout"]
[Result "0-1"]
[WhiteElo "2193"]
[BlackElo "2353"]
[PlyCount "108"]
[EventDate "2024.03.12"]
[EventType "swiss (blitz)"]
[EventRounds "11"]
[EventCountry "USA"]
[SourceTitle "CB12_2024"]
[SourceDate "2023.10.01"]
[SourceVersion "1"]
[SourceVersionDate "2023.10.01"]
[SourceQuality "1"]

1. c4 e5 2. Nc3 Nf6 3. g3 d5 4. cxd5 Nxd5 5. Bg2 Nb6 6. Nf3 Nc6 7. 0-0 Bd6 8. d3 0-0 9. a3 a5 10. Rb1 Be6 11. Ng5 Bd7 12. Nge4 Be7 13. Be3 Nd4 14. f4 Nf5 15. Bxb6 cxb6 16. Qd2 exf4 17. Rxf4 Nd4 18. Rbf1 Bc6 19. e3 Nb3 20. Qd1 Nc5 21. Nxc5 Bxc5 22. d4 Bd6 23. R4f2 b5 24. Bxc6 bxc6 25. Qb3 Qe7 26. e4 Bc7 27. e5 Bb6 28. Ne2 c5 29. Qxb5 Rab8 30. Nf4 cxd4 31. Nd5 Qxe5 32. Rf5 d3+ 33. Kg2 Qe4+ 34. R1f3 d2 35. Nc3 Qd4 36. Qf1 f6 37. Qd1 Rbd8 38. R5f4 Qd6 39. Qb3+ Kh8 40. Rf1 Rfe8 41. Kh3 Qd7+ 42. g4 Qd3+ 43. R4f3 Re3 44. Qd1 Rxf3+ 45. Rxf3 Qd6 46. Kg2 Bc7 47. Rh3 g6 48. Rg3 Kg7 49. Kh3 Qc6 50. Rf3 Qd7 51. Rf2 Be5 52. Rf1 Qd3+ 53. Qf3 Qxf3+ 54. Rxf3 Bxc3 0-1

[Event "Titled Tuesday intern op 12th Mar Early"]
[Site "Chess.com INT"]
[Date "2024.03.12"]
[Round "4"]
[White "Padmini, Rout"]
[Black "Karamsetty, Jeevan"]
[Result "0-1"]
[WhiteElo "2353"]
[BlackElo "2187"]
[PlyCount "100"]
[EventDate "2024.03.12"]
[EventType "swiss (blitz)"]
[EventRounds "11"]
[EventCountry "USA"]
[SourceTitle "CB12_2024"]
[SourceDate "2023.10.01"]
[SourceVersion "1"]
[SourceVersionDate "2023.10.01"]
[SourceQuality "1"]

1. Nf3 d6 2. g3 g6 3. Bg2 Bg7 4. 0-0 Nf6 5. d4 0-0 6. b3 Nbd7 7. Bb2 c5 8. d5 b5 9. a4 Bb7 10. axb5 Bxd5 11. c4 Bb7 12. Nc3 Ne4 13. Qc2 Ndf6 14. Ne1 d5 15. cxd5 Nxc3 16. Bxc3 Qb6 17. e4 Qxb5 18. Nd3 Rfc8 19. Nb2 Qd7 20. Nc4 h5 21. Rfd1 h4 22. Ne3 h3 23. Bh1 e6 24. dxe6 Qxe6 25. Nd5 Bxd5 26. exd5 Qd6 27. Qd3 Rab8 28. Bd2 Ng4 29. Bf4 Qb6 30. Bxb8 Bxa1 31. Rxa1 Rxb8 32. Qe2 Nf6 33. Qe7 Qxb3 34. Rf1 Nxd5 35. Qxa7 Nc3 36. Bf3 Rc8 37. Qd7 Rb8 38. Qxh3 Nb5 39. Qg2 Nd4 40. Bd5 Qd3 41. h4 Rd8 42. Be4 Qd2 43. Kh2 c4 44. f4 Qe3 45. Rf2 c3 46. Bc2 Nxc2 47. Rxc2 Rd2 48. Rxd2 cxd2 49. Qa8+ Kh7 50. Kh3 d1Q 0-1

[Event "Titled Tuesday intern op 12th Mar Early"]
[Site "Chess.com INT"]
[Date "2024.03.12"]
[Round "8"]
[White "Padmini, Rout"]
[Black "Sai Agni, Jeevitesh J"]
[Result "1-0"]
[WhiteElo "2353"]
[BlackElo "2285"]
[PlyCount "101"]
[EventDate "2024.03.12"]
[EventType "swiss (blitz)"]
[EventRounds "11"]
[EventCountry "USA"]
[SourceTitle "CB12_2024"]
[SourceDate "2023.10.01"]
[SourceVersion "1"]
[SourceVersionDate "2023.10.01"]
[SourceQuality "1"]

1. Nf3 Nf6 2. g3 d6 3. Bg2 e5 4. 0-0 Be7 5. d4 Nbd7 6. c4 0-0 7. Nc3 c6 8. b3 a5 9. Bb2 exd4 10. Nxd4 Nc5 11. Rc1 Re8 12. Qc2 Qb6 13. Rfd1 Na6 14. Nf5 Bxf5 15. Qxf5 Qc5 16. Qc2 Nb4 17. Qb1 Ng4 18. Ne4 Qh5 19. h3 Ne5 20. a3 Na6 21. f4 Ng6 22. e3 Nc5 23. g4 Qh4 24. Nxc5 dxc5 25. Rd7 Bf6 26. Bxf6 Qxf6 27. Qd3 Rad8 28. g5 Rxd7 29. Qxd7 Qd8 30. Qxd8 Rxd8 31. Rc2 Nh4 32. Bf1 f6 33. gxf6 gxf6 34. Kf2 Kf7 35. Kg3 Nf5+ 36. Kf3 Rg8 37. Rd2 Rg3+ 38. Kf2 Rg7 39. Bd3 Ke6 40. Bxf5+ Kxf5 41. Kf3 Ke6 42. Rd8 Rg1 43. Rb8 Rf1+ 44. Ke2 Rh1 45. Rxb7 Rxh3 46. Rc7 Kd6 47. Ra7 Rh2+ 48. Kd3 Rb2 49. Rxa5 Rxb3+ 50. Ke4 h5 51. Ra7 1-0

[Event "Titled Tuesday intern op 12th Mar Late"]
[Site "Chess.com INT"]
[Date "2024.03.12"]
[Round "1"]
[White "Padmini, Rout"]
[Black "Zou, Chen"]
[Result "0-1"]
[WhiteElo "2353"]
[BlackElo "2449"]
[PlyCount "116"]
[EventDate "2024.03.12"]
[EventType "swiss (blitz)"]
[EventRounds "11"]
[EventCountry "USA"]
[SourceTitle "CB12_2024"]
[SourceDate "2023.10.01"]
[SourceVersion "1"]
[SourceVersionDate "2023.10.01"]
[SourceQuality "1"]

1. e4 c6 2. d4 d5 3. Nc3 dxe4 4. Nxe4 Nf6 5. Nxf6+ exf6 6. Nf3 Bd6 7. Bc4 0-0 8. 0-0 Re8 9. c3 Be6 10. Bxe6 Rxe6 11. Qd3 Nd7 12. Bd2 Qc7 13. Rae1 Rae8 14. g3 b5 15. d5 Nc5 16. Qf5 g6 17. Qb1 cxd5 18. Nd4 Rxe1 19. Rxe1 Qd7 20. f3 a6 21. Kf2 Rxe1 22. Bxe1 h5 23. Kg2 Qe8 24. Bf2 Na4 25. Qc2 Bc5 26. b3 Nb6 27. Qd2 Nd7 28. h4 Kg7 29. Ne2 Bxf2 30. Kxf2 Nb6 31. Qd4 Qc6 32. Nf4 a5 33. Nd3 a4 34. Nb4 Qd6 35. Nd3 axb3 36. axb3 Qc6 37. Nb4 Qd6 38. Kg2 Qe6 39. Kf2 Kh7 40. Nd3 Qc6 41. Nf4 Kg7 42. Nd3 Qc7 43. Nf4 Qb7 44. Nd3 Qa7 45. Nb4 Qb7 46. Nd3 Nc8 47. Nb4 Ne7 48. Qc5 Qd7 49. Qd4 Qd6 50. Qd3 Qc5+ 51. Qd4 Qd6 52. Qd3 Qd7 53. Qd4 Nf5 54. Qxd5 Qa7+ 55. Ke2 Qe3+ 56. Kd1 Qxc3 57. Nd3 Ne3+ 58. Ke2 Nxd5 0-1

[Event "Titled Tuesday intern op 12th Mar Early"]
[Site "Chess.com INT"]
[Date "2024.03.12"]
[Round "9"]
[White "Pinero Rodriguez, Carlos Jose"]
[Black "Padmini, Rout"]
[Result "1-0"]
[WhiteElo "2284"]
[BlackElo "2353"]
[PlyCount "73"]
[EventDate "2024.03.12"]
[EventType "swiss (blitz)"]
[EventRounds "11"]
[EventCountry "USA"]
[SourceTitle "CB12_2024"]
[SourceDate "2023.10.01"]
[SourceVersion "1"]
[SourceVersionDate "2023.10.01"]
[SourceQuality "1"]

1. e4 c5 2. Nf3 Nc6 3. g3 g6 4. Bg2 Bg7 5. 0-0 d6 6. h3 Nf6 7. Nc3 0-0 8. d3 Rb8 9. Be3 b5 10. Qd2 b4 11. Nd1 a5 12. Ne1 a4 13. Rc1 a3 14. b3 Nd4 15. f4 Ne8 16. Kh2 Nc7 17. c4 Bd7 18. Nf3 Nxf3+ 19. Bxf3 Ne6 20. Bg2 Nd4 21. Bg1 f5 22. Ne3 e6 23. Nc2 Nc6 24. exf5 gxf5 25. d4 Qe7 26. Rfe1 Rbc8 27. Rcd1 Rf7 28. Qd3 cxd4 29. Nxd4 Nd8 30. Nxf5 Rxf5 31. Qxf5 Bc6 32. Qd3 Bxg2 33. Kxg2 Qb7+ 34. Qf3 Qf7 35. Rxd6 Nb7 36. Rdxe6 Qf5 37. Qxb7 1-0

[Event "Titled Tuesday intern op 06th Feb Early"]
[Site "Chess.com INT"]
[Date "2024.02.06"]
[Round "1"]
[White "Onischuk, Vladimir"]
[Black "Padmini, Rout"]
[Result "1-0"]
[WhiteElo "2619"]
[BlackElo "2353"]
[PlyCount "73"]
[EventDate "2024.02.06"]
[EventType "swiss (blitz)"]
[EventRounds "11"]
[EventCountry "USA"]
[SourceTitle "CB07_2024"]
[SourceDate "2024.02.14"]
[SourceVersion "1"]
[SourceVersionDate "2024.02.14"]
[SourceQuality "1"]

1. e4 e5 2. Nf3 Nc6 3. Bc4 Nf6 4. d3 Be7 5. 0-0 0-0 6. Re1 d6 7. a4 Be6 8. Nc3 Qd7 9. Ng5 Bxc4 10. dxc4 Nd4 11. Be3 h6 12. Nf3 Nxf3+ 13. Qxf3 c6 14. Rad1 Qe6 15. b3 Nd7 16. Rd3 f5 17. Qh3 Rf6 18. f3 a6 19. exf5 Rxf5 20. Red1 Raf8 21. Ne4 Nc5 22. Bxc5 dxc5 23. Rd7 Bg5 24. Ng3 Be3+ 25. Kh1 Bd4 26. Nxf5 Rxf5 27. Rxb7 Qg6 28. Rb8+ Kh7 29. Qh4 Rf4 30. Qe1 e4 31. fxe4 Rxe4 32. Qg3 Qf5 33. Qf3 Qe6 34. Qd3 g6 35. Rf8 Re1+ 36. Rxe1 Qxe1+ 37. Rf1 1-0